000
00308nam a2200133Ia 4500
008
190216s9999||||xx |||||||||||||| ||und||
100
_a
Uthaman. Pk
245
0
_a
Samkhya Sidhantham
250
_a
1st Ed.
260
_b
Kerala Bhasha Institute
_c
1975
300
_a
256
650
_a
Mathematics
942
_c
BK
999
_c
38505
_d
38505